| 000 | 00548nam a2200181 a 4500 | ||
|---|---|---|---|
| 001 | 8475 | ||
| 003 | CO-ViMGA | ||
| 008 | 141112s2004 ck r 000 u spa d | ||
| 040 |
_aCO-ViMGA _bspa _cCO-ViMGA |
||
| 082 | 0 | 4 | _aICO NTC 825 |
| 100 | 1 |
_aICONTEC, _98294 |
|
| 245 | 1 | 0 |
_aMADERAS ASERRADAS Y CEPILLADAS. METODOS DE MEDICION DE LOS DEFECTOS / _cICONTEC |
| 260 |
_aBogotá, _cel instituto, _c1975 |
||
| 650 | 1 | 4 |
_aMADERA - MEDICION DE LOS DEFECTOS _98295 |
| 650 | 1 | 4 |
_aMADERA ASERRADA _98296 |
| 650 | 1 | 4 |
_aMADERA CEPILLADA _98297 |
| 942 |
_2ddc _cBK |
||
| 999 |
_c20152 _d20152 |
||